Celebrity NCAA Fans Quiz Stats

 Plays Quiz Updated Mar 13, 2015

Challenge
Share
Tweet
Score 0/20 Timer 05:00
12 Plays Today
% Correct
Bill Clinton
97.6%
Snoop Dogg
97.2%
Bill Murray
92.1%
Will Ferrell
88.1%
Samuel L. Jackson
86.2%
Lebron James & Dwyane Wade
85.5%
George Bush
84.2%
Ashton Kutcher
83%
Vince Vaughn
80.6%
Charles Barkley
78.8%
% Correct
Condoleezza Rice
77.4%
Russell Crowe
64.3%
Larry the Cable Guy
60.4%
Flavor Flav
58.1%
Olivia Wilde & Jason Sudeikis
55.2%
Ashley Judd
53.9%
Matthew McConaughey
53%
James Gandolfini
50.6%
Flea
48.6%
Kenny Chesney
47.5%

You're not logged in!

Compare scores with friends on all Sporcle quizzes.
Join for Free
OR
Log In

You Might Also Like...

Show Comments

Extras

Top Quizzes Today


Score Distribution

Your Account Isn't Verified!

In order to create a playlist on Sporcle, you need to verify the email address you used during registration. Go to your Sporcle Settings to finish the process.

Report this User

Report this user for behavior that violates our Community Guidelines.

Details: